Central Library OPAC University of Rajshahi

Development of self-concept as related to gender, age and residential bacground in socio-cultural context of Bangladesh / (Record no. 78296)

MARC details
000 -LEADER
fixed length control field 00987nam a2200265 a 4500
001 - CONTROL NUMBER
control field 78296
003 - CONTROL NUMBER IDENTIFIER
rucl marc code BD-RjUL
005 - DATE AND TIME OF LATEST TRANSACTION
control field 20211209083120.0
008 - FIXED-LENGTH DATA ELEMENTS--GENERAL INFORMATION
fixed length control field 210906s2005 bg ||||| m||| 00| 0 eng d
035 ## - SYSTEM CONTROL NUMBER
System control number (BD-RjUL)78522
040 ## - CATALOGING SOURCE
Original cataloging agency BD-RjUL
Language of cataloging eng
Modifying agency BD-RjUL
041 ## - LANGUAGE CODE
Language code of text/sound track or separate title eng
082 ## - DEWEY DECIMAL CLASSIFICATION NUMBER
Classification number 155.02
Author mark and year END 2005
Edition number 23
099 ## - LOCAL FREE-TEXT CALL NUMBER (OCLC)
Bangla Class number 155.2
100 ## - MAIN ENTRY--PERSONAL NAME
Personal name Enam, Shahuria
9 (RLIN) 247406
245 10 - TITLE STATEMENT
Title Development of self-concept as related to gender, age and residential bacground in socio-cultural context of Bangladesh /
Statement of responsibility, etc. by Shahuria Enam
Linkage Supervisor : M. Mozammel Huq
260 ## - PUBLICATION, DISTRIBUTION, ETC. (IMPRINT)
Place of publication, distribution, etc. Rajshahi :
Name of publisher, distributor, etc. Department of Psychology, R. U. ,
Date of publication, distribution, etc. 2005
300 ## - PHYSICAL DESCRIPTION
Pagination [5], iv , [11], 308 leaves
Size 29 cm
502 ## - DISSERTATION NOTE
Dissertation note Thesis (Ph. D.) --Department of Psychology, R. U., 2005
504 ## - BIBLIOGRAPHY, ETC. NOTE
Bibliography, etc References : leaves 254 - 294
650 ## - SUBJECT ADDED ENTRY--TOPICAL TERM
Topical term or geographic name as entry element Self Concept.
9 (RLIN) 247903
Topical term or geographic name as entry element Self-perception in adolescence
General subdivision Social aspects
Geographic subdivision Bangladesh
9 (RLIN) 247904
700 ## - ADDED ENTRY--PERSONAL NAME
Personal name Huq, M. Mozammel, Supervisor
942 ## - ADDED ENTRY ELEMENTS (KOHA)
Source of classification or shelving scheme Dewey Decimal Classification
Koha item type Theses
Holdings
Lost status Source of classification or shelving scheme Damaged status Not for loan Collection code Permanent Location Current Location Shelving location Date acquired Source of acquisition Total Checkouts Full call number Date last seen Copy number Koha item type
  Dewey Decimal Classification   Not For Loan Theses Central Library, University of Rajshahi Central Library, University of Rajshahi Documentation Section 08/10/2005 Controller of Exam. R.U.   THE 155.2 END 2005 06/09/2021 C-1 Theses